Canciones de Olivia en OT2025 - Estadísticas

Estadísticas generales
  • Esta prueba ha sido intentada 15 veces
    10 desde el último reinicio
  • La puntuación promedio es 14 de 18
Estadísticas de respuestas
Gala Compañero Canción % Correcto
Gala 4 Crespo Akureyri
100%
Gala 1 Iván Rojo i like the way you kiss me
100%
Gala 9 Cristina Manchild
100%
Gala 3 Claudia Arenas Messy
100%
Gala 11 Sola WHERE IS MY HUSBAND!
100%
Gala 5 María Cruz Yes, And?
100%
Gala Final (Gala 0) Sola Break Free
88%
Gala 6 Guillo Rist El Principio de Algo
88%
Gala 2 Salma de Diego & Laura Muñoz If You Could Read My Mind
88%
Single Sola Sábado Noche
88%
Gala 8 Tinho Cheek To Cheek
75%
Gala 7 Sola Superestrella
75%
Gala 12 Sola Tengo Un Pensamiento
75%
Amazon Music Original Lucia Casani A Thousand Years
63%
Amazon Music Original Sola Espresso
63%
Gala 10 Sola At Last
38%
Gala Final Sola It's All Coming Back To Me Now
38%
Gala 12 Claudia Arenas Yes Sir, I Can Boggie
38%
No se encontraron pruebas coincidentes
Distribución de puntuación
Porcentaje de gente con cada puntuación
Porcentaje por número respondido
Historial de tus puntuaciones
No has intentado esta prueba desde el último reinicio